[Event "Open Villa de Benasque 2018"]
[Site "Benasque ESP"]
[Date "2018.07.14"]
[Round "10.9"]
[White "Garcia Martin, Marta"]
[Black "Gopal, G.N.."]
[Result "1/2-1/2"]
[WhiteElo "2334"]
[BlackElo "2593"]
[PlyCount "93"]
[EventDate "2018.07.05"]
[EventType "swiss"]
[EventRounds "10"]
[EventCountry "ESP"]
[SourceTitle "Ajedrez en Madrid"]
[Source "lmi"]
[SourceDate "2018.07.05"]
[SourceVersion "1"]
[SourceVersionDate "2018.07.14"]
[SourceQuality "1"]

1. e4 c5 2. Nf3 d6 3. d4 cxd4 4. Nxd4 Nf6 5. Nc3 a6 6. Be2 e5 7. Nf3 Be7 8. Bg5
Be6 9. Bxf6 Bxf6 10. Nd5 Nd7 11. O-O Rc8 12. Nxf6+ Nxf6 13. Ng5 Bc4 14. b3 Bxe2
15. Qxe2 Rc3 16. Rad1 Qc7 17. Rd2 h6 18. Nf3 Qc6 19. Rfd1 O-O 20. Rxd6 Qxe4 21.
Re1 Qxe2 22. Rxe2 e4 23. Ne5 Rfc8 24. Nc4 Kh7 25. Kf1 b5 26. Ne3 a5 27. Ra6 a4
28. bxa4 b4 29. Rb6 Ra3 30. Rxb4 Rxa2 31. Rd2 Rc7 32. Ke2 h5 33. c4 Ra3 34. Nd5
Nxd5 35. cxd5 f5 36. d6 Rd7 37. Rc4 Kg6 38. Rc7 Rd8 39. d7 Kf7 40. Rc8 Ke7 41.
Rxd8 Kxd8 42. Rd4 g5 43. g3 Ra2+ 44. Ke3 Ra3+ 45. Ke2 Ra2+ 46. Ke3 Ra3+ 47. Ke2
1/2-1/2

[Event "Open Villa de Benasque 2018"]
[Site "Benasque ESP"]
[Date "2018.07.14"]
[Round "10.10"]
[White "Osmak, Iulija"]
[Black "Kuzubov, Yuriy"]
[Result "1/2-1/2"]
[WhiteElo "2392"]
[BlackElo "2660"]
[PlyCount "98"]
[EventDate "2018.07.05"]
[EventType "swiss"]
[EventRounds "10"]
[EventCountry "ESP"]
[SourceTitle "Ajedrez en Madrid"]
[Source "lmi"]
[SourceDate "2018.07.05"]
[SourceVersion "1"]
[SourceVersionDate "2018.07.14"]
[SourceQuality "1"]

1. d4 Nf6 2. Bf4 g6 3. e3 Bg7 4. Nf3 d6 5. Be2 c5 6. c3 O-O 7. O-O Qb6 8. Nbd2
Be6 9. Ng5 Bd7 10. Qb3 h6 11. Ngf3 cxd4 12. exd4 Nc6 13. h3 Rfe8 14. Bh2 Be6
15. Bc4 Bxc4 16. Nxc4 Qa6 17. a4 Rac8 18. Ne3 Nb8 19. Rfe1 Nbd7 20. Qb5 Qc6 21.
Re2 a6 22. Qxc6 bxc6 23. Rae1 Kf8 24. Nc4 d5 25. Na5 Nb6 26. Nb7 Ne4 27. Ne5
Bxe5 28. Bxe5 f6 29. Bf4 Ng5 30. Nc5 a5 31. h4 Ne4 32. Bxh6+ Kf7 33. Nxe4 dxe4
34. b3 f5 35. Bd2 c5 36. dxc5 Rxc5 37. f3 Nd5 38. fxe4 Nxc3 39. Bxc3 Rxc3 40.
exf5 gxf5 41. Re5 e6 42. Rxa5 Rxb3 43. Rae5 Rb4 44. a5 Rxh4 45. Kf2 Ra4 46. Kf3
Kf6 47. R1e3 Re7 48. g3 Rc4 49. Re2 Ra4 1/2-1/2